000 01283nam a22003257a 4500
005 20111125105735.0
008 111125t xxu||||| |||| 00| 0 eng d
010 _aENG-104200
020 _a9780071321167
_c350.00
020 _a0071321160
_c350.00
035 _aEN-87733
037 _bDBAD/PUB
040 _aDPL
_bEng
082 0 0 _a535
100 1 _aHecht, Eugene
_936168
245 1 0 _aSchaum's outline of theory and problems of optics /
_cby Eugene Hecht
260 _aNew Delhi
_bTata McGraw-Hill
_c2011
270 _a7 West Patel Nagar
_bNew Delhi
_e110008
300 _a242p. :
_bill.
_c28cm (pbk)
490 0 _aSchaum's outline series
_936169
500 _aIncludes index
650 0 _aOptics
_936170
650 0 _aOptics
_xProblems, exercises, etc.
_936171
740 _aTheory and problems of optics.
856 4 2 _3Publisher description
_uhttp://www.loc.gov/catdir/description/mh031/74032228.html
856 4 1 _3Table of contents
_uhttp://www.loc.gov/catdir/toc/mh021/74032228.html
856 4 2 _3Contributor biographical information
_uhttp://www.loc.gov/catdir/enhancements/fy0735/74032228-b.html
942 _2ddc
_cEN
_h535
_mHEC
999 _c58701
_d58701